000
00309nam a22001217a 4500
008
160422b xxu||||| |||| 00| 0 eng d
020
_a
9780803615762
020
_a
100803615760
041
_a
eng
080
_a
618.2
245
_a
Med surg success:
_c
Kathyn Cadenhead Colgrove;Judy Callicoatt;
942
_2
udc
_c
BK
999
_c
1521
_d
1521